[Event "Burgos Intercajas"]
[Site "Burgos"]
[Date "2011.10.24"]
[Round "2.3"]
[White "Riano Perales, Jose Manuel"]
[Black "Sarasola Ouvina, Javier"]
[Result "1/2-1/2"]
[WhiteElo "1988"]
[BlackElo "2064"]
[PlyCount "63"]
[EventDate "2011.10.23"]
[EventType "swiss"]
[EventRounds "6"]
[EventCountry "ESP"]
[SourceTitle "EXT 2024"]
[Source "ChessBase"]
[SourceDate "2023.10.10"]
[SourceVersion "1"]
[SourceVersionDate "2023.10.10"]
[SourceQuality "1"]
[WhiteTeam "BBK"]
[BlackTeam "KUTXA"]
[WhiteTeamCountry "ESP"]
[BlackTeamCountry "ESP"]

1. e4 e6 2. d4 d5 3. exd5 exd5 4. c4 Bb4+ 5. Nc3 Qe7+ 6. Be2 dxc4 7. a3 Bxc3+ 8. bxc3 b5 9. a4 a6 10. Ba3 Qd7 11. Nf3 Bb7 12. Ne5 Qf5 13. 0-0 h5 14. Re1 Kd8 15. Rb1 Be4 16. Rb2 c6 17. Rd2 Bd5 18. Bf3 Ra7 19. axb5 axb5 20. Bc5 Ra6 21. Bxd5 cxd5 22. Rb2 Rf6 23. Qe2 Re6 24. Qd2 Ne7 25. Rxb5 Nbc6 26. Ra1 Nxe5 27. dxe5 Qxe5 28. Ra8+ Nc8 29. Bb6+ Kd7 30. Rxd5+ Rd6 31. Rxd6+ Qxd6 32. Qxd6+ 1/2-1/2